000 00645nam a22001817a 4500
003 CEME
005 20210628203054.0
008 210201b xxu||||| |||| 00| 0 eng d
020 _a1563271869
040 _c.
082 _a658.314 KAI
100 _aJapan Human Relations Association , Grazier, Peter.B
_963164
245 _aKaizen teian 1 , developing systems for continuous improvement throgh emoloyee suggestions
260 _aNEW YORK
_bPRODUCTIVITY PRESS
_c1992
300 _aXVI,201P
650 _aSUGGESTIONS SYSTEMS.KAIZEN TEIAN 1. DEVELOPING SYSTEMS FOR CONTINUOUS IMPROVEMENT THROGH EMOLOYEE SUGGESTIONS
_963165
942 _cBK
_2ddc
999 _c572074
_d572074